| 000 | 00376nam a22001577a 4500 | ||
|---|---|---|---|
| 003 | OSt | ||
| 008 | 250417b |||||||| |||| 00| 0 eng d | ||
| 020 | _a9780241539590 | ||
| 082 | _a131 NAM | ||
| 100 | _aNAFOUSI,Roxie | ||
| 245 | _aManifest 7 steps to Living your best Life | ||
| 260 |
_aNew Delhi _bPenguin _c2022 |
||
| 300 | _a184 | ||
| 650 | _aGeneral | ||
| 942 |
_2ddc _cREF |
||
| 999 |
_c13306 _d13306 |
||